| 000 | 00815nam a2200229 a 4500 | ||
|---|---|---|---|
| 001 | BRCA_6390 | ||
| 005 | 20190320205433.0 | ||
| 008 | 020911s1922----enka######---#000-0#eng-# | ||
| 041 | _aeng | ||
| 044 | _aenk | ||
| 050 | 4 |
_aZ1029 _b.B53 1 1922 |
|
| 245 | 1 | 0 | _aBibliotheca Americana et Philippina. |
| 260 |
_aLondres _bMaggs Bros _c1922-1925 |
||
| 300 |
_a3 v. _bil. _c21 cm. |
||
| 500 | _aIncluye índices de autores y títulos | ||
| 500 | _aVer también O155 (v. 2, 3 y 4) | ||
| 500 | _aCEF75 | ||
| 505 | 0 | _aContenido: v.1. Bibliotheca Americana et Philippina, part I, No. 429, 1922. -- v.3. Bibliotheca Americana et Philippina, part III, No. 442, 1923. -- v.4. Bibliotheca Americana et Philippina, part IV, No. 465, 1925 | |
| 650 | 1 | 4 |
_aLibros antiguos _vCatálogos _915985 |
| 902 | _aGFM | ||
| 942 |
_2lcc _cB |
||
| 999 |
_c6076 _d6076 |
||